Устройство для защиты от замыканий на землю в сетях с компенсацией емкостного тока

Chi tiết về thư mục
Tác giả chính: Вайнштейн Р. А. Роберт Александрович
Tác giả của công ty: Томский политехнический университет (ТПУ)
Tác giả khác: Шестакова В. В. Вера Васильевна, Юдин С. М. Святослав Михайлович
Tóm tắt:опубл. 20.01.06
Представлено устройство защиты от замыканий на землю, основанное на наложении на защищаемую сеть тока частотой 25 Гц от вспомогательного источника. При этом для устранения зоны нечувствительности в работе защиты применен параметрический делитель частоты, содержащий выходную обмотку, расположенную на совмещенных стержнях двух магнитопроводов и включенную последовательно с дугогосящим реактором. В обмотку колебательного контура делителя введены последовательно соединенные конденсатор и дроссель.
Ngôn ngữ:Tiếng Nga
Được phát hành:
Những chủ đề:
Truy cập trực tuyến:http://www.fips.ru/Archive/PAT/2006FULL/2006.01.20/DOC/RUNWC1/000/000/002/268/524/DOCUMENT.PDF
Định dạng: Điện tử Sách
KOHA link:https://koha.lib.tpu.ru/cgi-bin/koha/opac-detail.pl?biblionumber=652780

MARC

LEADER 00000nlm0a2200000 4500
001 652780
005 20231218161603.0
029 1 0 |a RU  |b 2268524  |c Пат.  |d МПК H 02 H 3/16  
035 |a (RuTPU)RU\TPU\network\18119 
035 |a RU\TPU\network\18118 
039 0 |a RU  |b 2004125260/09  |c 20040817 
090 |a 652780 
100 |a 20170126j20062001k y0rusy50 ca 
101 0 |a rus 
102 |a RU 
105 |a a k 000zy 
135 |a drgn ---uucaa 
181 0 |a i  
182 0 |a b 
200 1 |a Устройство для защиты от замыканий на землю в сетях с компенсацией емкостного тока  |f Р. А. Вайнштейн, В. В. Шестакова, С. М. Юдин  |g Томский политехнический университет (ТПУ) 
203 |a Текст  |c электронный 
300 |a опубл. 20.01.06 
330 |a Представлено устройство защиты от замыканий на землю, основанное на наложении на защищаемую сеть тока частотой 25 Гц от вспомогательного источника. При этом для устранения зоны нечувствительности в работе защиты применен параметрический делитель частоты, содержащий выходную обмотку, расположенную на совмещенных стержнях двух магнитопроводов и включенную последовательно с дугогосящим реактором. В обмотку колебательного контура делителя введены последовательно соединенные конденсатор и дроссель. 
610 1 |a патенты 
610 1 |a труды учёных ТПУ 
610 1 |a электронный ресурс 
610 1 |a изобретения 
610 1 |a релейные защиты 
610 1 |a распределительные сети 
610 1 |a однофазные замыкания 
610 1 |a наложенные частоты 
610 1 |a схемы 
700 1 |a Вайнштейн  |b Р. А.  |c специалист в области электроэнергетики  |c профессор Томского политехнического университета, доктор технических наук  |f 1937-  |g Роберт Александрович  |3 (RuTPU)RU\TPU\pers\26489  |9 12191 
701 1 |a Шестакова  |b В. В.  |c специалист в области электротехники  |c доцент Томского политехнического университета, кандидат технических наук  |f 1968-  |g Вера Васильевна  |3 (RuTPU)RU\TPU\pers\26814  |9 12439 
701 1 |a Юдин  |b С. М.  |c специалист в области электротехники  |c доцент Томского политехнического университета, кандидат технических наук  |f 1949-  |g Святослав Михайлович  |3 (RuTPU)RU\TPU\pers\29520  |9 14059 
712 0 2 |a Томский политехнический университет (ТПУ)  |c (1991-2009)  |3 (RuTPU)RU\TPU\col\376 
801 1 |a RU  |b 63413507  |c 20120201 
801 2 |a RU  |b 63413507  |c 20170126  |g RCR 
856 4 |u http://www.fips.ru/Archive/PAT/2006FULL/2006.01.20/DOC/RUNWC1/000/000/002/268/524/DOCUMENT.PDF 
942 |c CF